00622 2200241 4500001002100000005001500021035002000036007000300056008004100059020002200100082000600122084001200128100001700140245007000157260004400227300002900271650001700300700001800317700001000335990001200345990001200357990001100369INLIS00000000000193020200107081604 a0010-0418000087ta200107 g 0 ind  a978-602-02-5823-2 aF aF HAM h0 aHAMA, Nobuko1 aHappy! 6 /cNobuko Hama; alih bahasa, Ayu Arsandhi; editor, Niken aJakarta :bElex Media Komputindo,c2015 a454 hlm :bilus ;c18 cm 4aKOMIK.BACAAN0 aAYU, Arsandhi0 aNIKEN a16137 a a16137 a a16137b